| 000 | 00546nam a22001937a 4500 | ||
|---|---|---|---|
| 005 | 20240702123140.0 | ||
| 010 | _aB-760011 | ||
| 020 |
_a9789354711169 _c499.00 |
||
| 035 | _aB-760011 | ||
| 037 | _bGift/25.06.24 | ||
| 082 | _aN | ||
| 100 |
_aKonigsberg,bill _967969 |
||
| 245 |
_aThe music of what happens/ _cBill konigsberg |
||
| 260 |
_aNew York _bScholastic Press _c2021 |
||
| 270 | _aNew York | ||
| 300 |
_a338 p. _c22cm (Pbk) |
||
| 942 |
_adpl _cCH _2ddc _hN _mKON |
||
| 999 |
_c203846 _d203846 |
||